| 000 | 01097cab a2200193 4500 | ||
|---|---|---|---|
| 001 | X84670 | ||
| 008 | 090401t1997 xxu||||| |||| 00| 0 eng d | ||
| 035 | _a(Sirsi) u79076 | ||
| 041 | _aeng | ||
| 245 | _aEssex CC and Cory Sand and Ballast Co | ||
| 260 | _c1997 | ||
| 350 | _a0 | ||
| 490 |
_aPlanning Appeal Decisions _v(1997) 12 PAD 238-249(12) |
||
| 520 | _aDecision letter 2 January 1997. Extension to existing sand and gravel workings - 17.8ha of open land - next to existing 267 ha workings - abutting Thames estuary -1 million tonnes of sand and gravel - ehether appropriate in Green Belt - character, appearance and nature conservation interest of coast - road access arrnagements - residential amenity - whether need outwieghed adverse circumstances - Development, Structure, Subject and Local plans - traffic generation - highway improvements - sterilisation - need for landfill facilties - sustainability - employment and the local economy - consitency. | ||
| 650 | _aSAND AND GRAVEL WORKINGS | ||
| 690 | _aPLANNING LAW AND PRACTICE-CASE LAW | ||
| 942 | _n0 | ||
| 948 | _c19/06/1997 | ||
| 999 |
_c49691 _d49691 |
||